MARC details
| 000 -CABECERA |
| campo de control de longitud fija |
01251cam a2200301 a 4500 |
| 001 - NÚMERO DE CONTROL |
| campo de control |
000013893 |
| 003 - IDENTIFICADOR DEL NÚMERO DE CONTROL |
| campo de control |
UkOxU |
| 005 - FECHA Y HORA DE LA ÚLTIMA TRANSACCIÓN |
| campo de control |
20200929163405.0 |
| 008 - DATOS DE LONGITUD FIJA--INFORMACIÓN GENERAL |
| campo de control de longitud fija |
800625s1946 sp 001 0 spa |
| 035 ## - NÚMERO DE CONTROL DEL SISTEMA |
| Número de control de sistema |
OCLC ocm06460271 from D971111M |
| 040 ## - FUENTE DE LA CATALOGACIÓN |
| Centro catalogador/agencia de origen |
DO-SdBNP |
| Centro/agencia transcriptor |
FDA |
| Centro/agencia modificador |
FDA |
| -- |
SER |
| -- |
EQO |
| 090 ## - LOCALMENTE ASIGNADO TIPO-LC NÚMERO DE CLASIFICACIÓN (OCLC); NÚMERO DE CLASIFICACIÓN LOCAL (RLIN) |
| Número de clasificación (OCLC) (R) ; Numero de clasificación, CALL (RLIN) (NR) |
F2210 |
| Número cutter local (OCLC) ; Número de libro/Signatura topográfica íntegra, CALL (RLIN) |
.A38 |
| 082 ## - NÚMERO DE LA CLASIFICACIÓN DECIMAL DEWEY |
| Número de clasificación |
nnn |
| Número de documento/Ítem |
A267s |
| 049 ## - FONDOS LOCALES (OCLC) |
| Fondos de biblioteca |
BNGR |
| 100 1# - ENTRADA PRINCIPAL--NOMBRE DE PERSONA |
| Nombre de persona |
Agia, Miguel, |
| Fechas asociadas al nombre |
1563-1604 |
| 9 (RLIN) |
31478 |
| 245 10 - MENCIÓN DE TÍTULO |
| Título |
Servidumbres personales de indios / |
| Mención de responsabilidad, etc. |
Miguel Agia ; edición Francisco Javier de Ayala. |
| 260 ## - PUBLICACIÓN, DISTRIBUCIÓN, ETC. |
| Lugar de publicación, distribución, etc. |
Sevilla : |
| Nombre del editor, distribuidor, etc. |
Talleres de Imprenta y Litografía, |
| Fecha de publicación, distribución, etc. |
1946. |
| 300 ## - DESCRIPCIÓN FÍSICA |
| Extensión |
141 p. : ; |
| Dimensiones |
25 cm. |
| 490 1# - MENCIÓN DE SERIE |
| Mención de serie |
Publicaciones de la escuela de estudios hispano americanos de Sevilla |
| Designación de volumen o secuencia |
25 |
| 490 1# - MENCIÓN DE SERIE |
| Mención de serie |
7a Reediciones |
| Designación de volumen o secuencia |
1 |
| 650 #0 - PUNTO DE ACCESO ADICIONAL DE MATERIA--TÉRMINO DE MATERIA |
| Término de materia o nombre geográfico como elemento de entrada |
Indians of south america |
| Subdivisión general |
Law and legislation. |
| 9 (RLIN) |
31479 |
| 650 #0 - PUNTO DE ACCESO ADICIONAL DE MATERIA--TÉRMINO DE MATERIA |
| Término de materia o nombre geográfico como elemento de entrada |
Indians of south america |
| Subdivisión general |
Legal status, laws, etc. |
| 9 (RLIN) |
31480 |
| 700 1# - PUNTO DE ACCESO ADICIONAL--NOMBRE DE PERSONA |
| Nombre de persona |
Ayala, Francisco Javier de |
| Término indicativo de función/relación |
ed. |
| 9 (RLIN) |
31481 |
| 810 2# - PUNTO DE ACCESO ADICIONAL DE SERIE--NOMBRE DE ENTIDAD CORPORATIVA |
| Nombre de entidad corporativa o nombre de jurisdicción como elemento de entrada |
Escuela de Estudios Hispano-Americanos (Consejo Superior de Investigaciones Científicas). |
| Título de la obra |
Publicaciones ; |
| Designación de volumen o secuencia |
25. |
| 9 (RLIN) |
31482 |
| 830 #0 - PUNTO DE ACCESO ADICIONAL DE SERIE-TÍTULO UNIFORME |
| Título uniforme |
Publicaciones de la escuela de estudios hispano americanos de Sevilla ; |
| Designación de volumen o secuencia |
25 |
| 9 (RLIN) |
31483 |
| 830 #0 - PUNTO DE ACCESO ADICIONAL DE SERIE-TÍTULO UNIFORME |
| Título uniforme |
7a Reediciones ; |
| Designación de volumen o secuencia |
1 |
| 9 (RLIN) |
31484 |
| 910 ## - DATOS DE OPCIÓN DEL USUARIO (OCLC) |
| Datos de opción del usuario |
Catalogación por copia / Oxford |